Faktory vplývajúce na pohyb výmenného kurzu EUR/USD v súčasnosti bakalárska práca

Salvato in:
Dettagli Bibliografici
Autore principale: Bakyta, Nikolas
Ente Autore: Národohospodárska fakulta EU. Katedra bankovníctva a medzinárodných financií
Altri autori: Kotlebová, Jana, 1969-
Natura: Libro
Lingua:slovacco
Pubblicazione: Bratislava 2025
Tags: Aggiungi Tag
Nessun Tag, puoi essere il primo ad aggiungerne!!

MARC

LEADER 00000nbm a2200000 4500
001 0309228
005 20251003142238.5
041 0 |a slo 
044 |a SK 
245 1 0 |a Faktory vplývajúce na pohyb výmenného kurzu EUR/USD v súčasnosti  |b bakalárska práca  |c Nikolas Bakyta ; školiteľ: Jana Kotlebová 
264 1 |a Bratislava  |c 2025 
300 |a 55 s. 
100 1 |a Bakyta, Nikolas 
700 1 |a Kotlebová, Jana, 1969- 
710 2 |a Národohospodárska fakulta EU. Katedra bankovníctva a medzinárodných financií